000 00804nam a2200241Ia 4500
999 _c54342
_d54342
001 21398
003 GE_BSU
005 20221122164029.0
008 181216s2016||||enk|||||||||||||| ||eng||
020 _a9781906860325x
040 _cGE_BSU
041 _aeng
080 _a621.31 S-70
245 _aSolar Energy :
_bThe Physics and Engineering of Photovoltaic Conversion, Technologies and Systems /
_c Arno Smets, Klaus Jäger, Isabella Olindo, René van Swaaij, Miro Zeman.
264 _aCambridge :
_bUIT Cambridge Ltd,
_c2016.
300 _a462 p. :
_bill. ;
_c24 cm.
541 _h100 Gel.
653 _aSolar Energy
653 _aThe Physics and Engineering of Photovoltaic Conversion, Technologies and Systems
653 _aФизика
653 _aფიზიკა
942 _cBK
_2udc